<?xml version="1.0" encoding="UTF-8"?>
<record
    xmlns:xsi="http://www.w3.org/2001/XMLSchema-instance"
    xsi:schemaLocation="http://www.loc.gov/MARC21/slim http://www.loc.gov/standards/marcxml/schema/MARC21slim.xsd"
    xmlns="http://www.loc.gov/MARC21/slim">

  <leader>02065nam a22002897a 4500</leader>
  <controlfield tag="001">3502</controlfield>
  <controlfield tag="003">FISKH</controlfield>
  <controlfield tag="005">20250530110248.0</controlfield>
  <controlfield tag="008">240313b        cb ||||| |||| 00| 0 eng d</controlfield>
  <datafield tag="020" ind1=" " ind2=" ">
    <subfield code="a">9789995054250</subfield>
  </datafield>
  <datafield tag="040" ind1=" " ind2=" ">
    <subfield code="a">FISKH</subfield>
    <subfield code="b">khr </subfield>
    <subfield code="c">FISKH</subfield>
    <subfield code="d">FISKH</subfield>
  </datafield>
  <datafield tag="050" ind1=" " ind2=" ">
    <subfield code="a">PZ7 </subfield>
  </datafield>
  <datafield tag="082" ind1=" " ind2=" ">
    <subfield code="a">791.43028</subfield>
  </datafield>
  <datafield tag="100" ind1=" " ind2=" ">
    <subfield code="a">Labb&#xE9;, Brigitte.</subfield>
  </datafield>
  <datafield tag="245" ind1=" " ind2=" ">
    <subfield code="a">&#x1781;&#x17D2;&#x1789;&#x17BB;&#x17C6;&#x1785;&#x1784;&#x17CB;&#x178A;&#x17B9;&#x1784;&#x1787;&#x17B8;&#x179C;&#x17B7;&#x178F;&#x179A;&#x1794;&#x179F;&#x17CB;... &#x1786;&#x17B6;&#x179B;&#x17B8; &#x1786;&#x17B6;&#x1797;&#x17D2;&#x179B;&#x17B8;&#x1793;&#x17CA; / </subfield>
    <subfield code="c">&#x1793;&#x17B7;&#x1796;&#x1793;&#x17D2;&#x1792;&#x178A;&#x17C4;&#x1799; Brigitte Labb&#xE9; &#x1793;&#x17B7;&#x1784; Michel Puech &#x179A;&#x17BC;&#x1794;&#x1797;&#x17B6;&#x1796;&#x178A;&#x17C4;&#x1799; Jean-Pierre Joblin.</subfield>
  </datafield>
  <datafield tag="260" ind1=" " ind2=" ">
    <subfield code="a">Phnom Penh : </subfield>
    <subfield code="b">Sipar, </subfield>
    <subfield code="c">2007. </subfield>
  </datafield>
  <datafield tag="300" ind1=" " ind2=" ">
    <subfield code="a">40 pages : </subfield>
    <subfield code="b">color illustrations ; </subfield>
    <subfield code="c">20 cm </subfield>
  </datafield>
  <datafield tag="500" ind1=" " ind2=" ">
    <subfield code="a">&#x1785;&#x17D2;&#x1794;&#x17B6;&#x1794;&#x17CB;&#x178A;&#x17BE;&#x1798;&#x1794;&#x17B6;&#x1793;&#x178F;&#x17D2;&#x179A;&#x17BC;&#x179C;&#x1794;&#x17C4;&#x17C7;&#x1796;&#x17BB;&#x1798;&#x17D2;&#x1796;&#x1795;&#x17D2;&#x179F;&#x17B6;&#x1799;&#x1780;&#x17D2;&#x179A;&#x17C4;&#x1798;&#x1785;&#x17C6;&#x178E;&#x1784;&#x1787;&#x17BE;&#x1784;&#x1790;&#x17B6; Charlie Chaplin c 2004 &#xC9;dition Milan</subfield>
  </datafield>
  <datafield tag="520" ind1=" " ind2=" ">
    <subfield code="a">&#x1793;&#x17C5;&#x17A2;&#x17B6;&#x1799;&#x17BB;&#x17E9;&#x1786;&#x17D2;&#x1793;&#x17B6;&#x17C6; &#x1786;&#x17B6;&#x179B;&#x17B8; &#x1786;&#x17B6;&#x1797;&#x17D2;&#x179B;&#x17B8;&#x1793;&#x1782;&#x17B6;&#x178F;&#x17CB;&#x1787;&#x17B6;&#x1780;&#x17D2;&#x1798;&#x17C1;&#x1784;&#x179A;&#x179F;&#x17B6;&#x178F;&#x17CB;&#x17A2;&#x178E;&#x17D2;&#x178A;&#x17C2;&#x178F;&#x178F;&#x17B6;&#x1798;&#x1785;&#x17B7;&#x1789;&#x17D2;&#x1785;&#x17BE;&#x1798;&#x1795;&#x17D2;&#x179B;&#x17BC;&#x179C;&#x1793;&#x17B6;&#x1793;&#x17B6; &#x1780;&#x17D2;&#x1793;&#x17BB;&#x1784;&#x1791;&#x17B8;&#x1780;&#x17D2;&#x179A;&#x17BB;&#x1784;&#x17A1;&#x17BB;&#x1784;&#x17D4; &#x1793;&#x17C5;&#x17A2;&#x17B6;&#x1799;&#x17BB;&#x17E2;&#x17E7;&#x1786;&#x17D2;&#x1793;&#x17B6;&#x17C6; &#x1782;&#x17B6;&#x178F;&#x17CB;&#x1780;&#x17D2;&#x179B;&#x17B6;&#x1799;&#x1787;&#x17B6;&#x178F;&#x17B6;&#x179A;&#x17B6;&#x1796;&#x17B7;&#x1797;&#x1796;&#x179B;&#x17C4;&#x1780;&#x1798;&#x17BD;&#x1799;&#x178A;&#x17BD;&#x1784;&#x17D4; &#x178F;&#x17BD;&#x17A2;&#x1784;&#x17D2;&#x1782;&#x178A;&#x17C2;&#x179B;&#x1782;&#x17B6;&#x178F;&#x17CB;&#x1794;&#x17B6;&#x1793;&#x1794;&#x1784;&#x17D2;&#x1780;&#x17BE;&#x178F;&#x1782;&#x17BA; &#xBB;&#x1787;&#x1793;&#x17A2;&#x1793;&#x17B6;&#x1790;&#x17B6;&#xBB; &#x178A;&#x17C2;&#x179B;&#x1787;&#x1793;&#x1787;&#x17B6;&#x178F;&#x17B7;&#x1781;&#x17D2;&#x1798;&#x17C2;&#x179A;&#x1799;&#x17BE;&#x1784;&#x17A2;&#x17C4;&#x1799;&#x1788;&#x17D2;&#x1798;&#x17C4;&#x17C7;&#x1790;&#x17B6; &#xBB;&#x179F;&#x17B6;&#x1780;&#x17CB;&#x17A1;&#x17BC;&#xBB; &#x1798;&#x17B6;&#x1793;&#x1788;&#x17D2;&#x1798;&#x17C4;&#x17C7;&#x179B;&#x17D2;&#x1794;&#x17B8;&#x179B;&#x17D2;&#x1794;&#x17B6;&#x1789;&#x1793;&#x17C5;&#x1780;&#x17D2;&#x1793;&#x17BB;&#x1784;&#x1796;&#x17B7;&#x1797;&#x1796;&#x1797;&#x17B6;&#x1796;&#x1799;&#x1793;&#x17D2;&#x178A;&#x17D4; </subfield>
  </datafield>
  <datafield tag="520" ind1=" " ind2=" ">
    <subfield code="a">At the age of nine, Charlie Chaplin was a street child in London. At the age of 27, he became a world star. The character he created was "Homeless", which Cambodians call "Saklo", a well-known figure in the movie world.</subfield>
  </datafield>
  <datafield tag="650" ind1=" " ind2=" ">
    <subfield code="a">&#x1787;&#x17B7;&#x179C;:&#x1794;&#x17D2;&#x179A;&#x179C;&#x178F;&#x17D2;&#x178F;&#x17B7;  </subfield>
    <subfield code="x">&#x1786;&#x17B6;&#x179B;&#x17B8; &#x1786;&#x17B6;&#x1797;&#x17D2;&#x179B;&#x17B8;&#x1793; </subfield>
  </datafield>
  <datafield tag="650" ind1=" " ind2=" ">
    <subfield code="a">Biography </subfield>
    <subfield code="x">Chalie Chaplin </subfield>
  </datafield>
  <datafield tag="700" ind1=" " ind2=" ">
    <subfield code="a">Puech, Michel </subfield>
    <subfield code="e">Author  </subfield>
  </datafield>
  <datafield tag="700" ind1=" " ind2=" ">
    <subfield code="a">Joblin, Jean-Pierre</subfield>
    <subfield code="e">illustrator </subfield>
  </datafield>
  <datafield tag="942" ind1=" " ind2=" ">
    <subfield code="2">ddc</subfield>
    <subfield code="c">KHB</subfield>
    <subfield code="n">0</subfield>
  </datafield>
  <datafield tag="999" ind1=" " ind2=" ">
    <subfield code="c">3502</subfield>
    <subfield code="d">3502</subfield>
  </datafield>
  <datafield tag="952" ind1=" " ind2=" ">
    <subfield code="0">0</subfield>
    <subfield code="1">0</subfield>
    <subfield code="2">ddc</subfield>
    <subfield code="4">0</subfield>
    <subfield code="7">0</subfield>
    <subfield code="8">KHMERNF</subfield>
    <subfield code="a">001</subfield>
    <subfield code="b">001</subfield>
    <subfield code="c">OKHR</subfield>
    <subfield code="d">2024-03-13</subfield>
    <subfield code="l">0</subfield>
    <subfield code="o">LAB 791.43028 PZ7 </subfield>
    <subfield code="p">FISTK03753</subfield>
    <subfield code="r">2024-03-13 15:41:25</subfield>
    <subfield code="t">1</subfield>
    <subfield code="w">2024-03-13</subfield>
    <subfield code="y">KHB</subfield>
  </datafield>
  <datafield tag="952" ind1=" " ind2=" ">
    <subfield code="0">0</subfield>
    <subfield code="1">0</subfield>
    <subfield code="2">ddc</subfield>
    <subfield code="4">0</subfield>
    <subfield code="7">0</subfield>
    <subfield code="8">KHMERNF</subfield>
    <subfield code="a">001</subfield>
    <subfield code="b">001</subfield>
    <subfield code="c">OKHR</subfield>
    <subfield code="d">2024-03-18</subfield>
    <subfield code="l">0</subfield>
    <subfield code="o">LAB 791.43028 PZ7 </subfield>
    <subfield code="p">FISTK05099</subfield>
    <subfield code="r">2024-03-18 09:41:20</subfield>
    <subfield code="t">2</subfield>
    <subfield code="w">2024-03-18</subfield>
    <subfield code="y">KHB</subfield>
  </datafield>
  <datafield tag="952" ind1=" " ind2=" ">
    <subfield code="0">0</subfield>
    <subfield code="1">0</subfield>
    <subfield code="2">ddc</subfield>
    <subfield code="4">0</subfield>
    <subfield code="7">0</subfield>
    <subfield code="8">KHMERNF</subfield>
    <subfield code="a">001</subfield>
    <subfield code="b">001</subfield>
    <subfield code="c">OKHR</subfield>
    <subfield code="d">2024-06-04</subfield>
    <subfield code="l">0</subfield>
    <subfield code="o">LAB 791.43028 PZ7 </subfield>
    <subfield code="p">FISTK03752</subfield>
    <subfield code="r">2024-06-04 14:41:28</subfield>
    <subfield code="t">3</subfield>
    <subfield code="w">2024-06-04</subfield>
    <subfield code="y">KHB</subfield>
  </datafield>
  <datafield tag="952" ind1=" " ind2=" ">
    <subfield code="0">0</subfield>
    <subfield code="1">0</subfield>
    <subfield code="2">ddc</subfield>
    <subfield code="4">0</subfield>
    <subfield code="7">0</subfield>
    <subfield code="8">KHMERNF</subfield>
    <subfield code="a">002</subfield>
    <subfield code="b">002</subfield>
    <subfield code="c">TTP Khmer</subfield>
    <subfield code="d">2024-06-04</subfield>
    <subfield code="l">1</subfield>
    <subfield code="o">LAB 791.43028 PZ7 </subfield>
    <subfield code="p">FIS02487</subfield>
    <subfield code="r">2025-03-11 16:32:21</subfield>
    <subfield code="s">2025-03-11</subfield>
    <subfield code="t">4</subfield>
    <subfield code="w">2024-06-04</subfield>
    <subfield code="y">KHB</subfield>
  </datafield>
  <datafield tag="952" ind1=" " ind2=" ">
    <subfield code="0">0</subfield>
    <subfield code="1">0</subfield>
    <subfield code="2">ddc</subfield>
    <subfield code="4">0</subfield>
    <subfield code="7">0</subfield>
    <subfield code="8">KHMERNF</subfield>
    <subfield code="a">001</subfield>
    <subfield code="b">001</subfield>
    <subfield code="c">SKB</subfield>
    <subfield code="d">2024-06-04</subfield>
    <subfield code="l">1</subfield>
    <subfield code="o">LAB 791.43028 PZ7 </subfield>
    <subfield code="p">FIS02134</subfield>
    <subfield code="r">2025-03-11 16:42:51</subfield>
    <subfield code="s">2025-03-11</subfield>
    <subfield code="t">5</subfield>
    <subfield code="w">2024-06-04</subfield>
    <subfield code="y">KHB</subfield>
  </datafield>
  <datafield tag="952" ind1=" " ind2=" ">
    <subfield code="0">0</subfield>
    <subfield code="1">0</subfield>
    <subfield code="2">ddc</subfield>
    <subfield code="4">0</subfield>
    <subfield code="7">0</subfield>
    <subfield code="8">KHMERNF</subfield>
    <subfield code="a">002</subfield>
    <subfield code="b">002</subfield>
    <subfield code="c">SKB</subfield>
    <subfield code="d">2024-06-04</subfield>
    <subfield code="l">0</subfield>
    <subfield code="o">LAB 791.43028 PZ7 </subfield>
    <subfield code="p">FIS01557</subfield>
    <subfield code="r">2024-09-20 13:15:06</subfield>
    <subfield code="t">6</subfield>
    <subfield code="w">2024-06-04</subfield>
    <subfield code="y">KHB</subfield>
  </datafield>
  <datafield tag="952" ind1=" " ind2=" ">
    <subfield code="0">0</subfield>
    <subfield code="1">0</subfield>
    <subfield code="2">ddc</subfield>
    <subfield code="4">0</subfield>
    <subfield code="7">0</subfield>
    <subfield code="8">KHMERNF</subfield>
    <subfield code="a">002</subfield>
    <subfield code="b">002</subfield>
    <subfield code="c">TTP Khmer</subfield>
    <subfield code="d">2025-03-27</subfield>
    <subfield code="l">0</subfield>
    <subfield code="o">LAB 791.43028 PZ7 </subfield>
    <subfield code="p">FISSE00321</subfield>
    <subfield code="r">2025-03-27 10:12:54</subfield>
    <subfield code="t">7</subfield>
    <subfield code="w">2025-03-27</subfield>
    <subfield code="y">KHB</subfield>
  </datafield>
  <datafield tag="952" ind1=" " ind2=" ">
    <subfield code="0">0</subfield>
    <subfield code="1">0</subfield>
    <subfield code="2">ddc</subfield>
    <subfield code="4">0</subfield>
    <subfield code="7">0</subfield>
    <subfield code="8">KHMERNF</subfield>
    <subfield code="a">002</subfield>
    <subfield code="b">002</subfield>
    <subfield code="c">SKB</subfield>
    <subfield code="d">2025-03-27</subfield>
    <subfield code="l">0</subfield>
    <subfield code="o">LAB 791.43028 PZ7 </subfield>
    <subfield code="p">FISBK03910</subfield>
    <subfield code="r">2025-03-27 10:20:16</subfield>
    <subfield code="t">8</subfield>
    <subfield code="w">2025-03-27</subfield>
    <subfield code="y">KHB</subfield>
  </datafield>
  <datafield tag="952" ind1=" " ind2=" ">
    <subfield code="0">0</subfield>
    <subfield code="1">0</subfield>
    <subfield code="2">ddc</subfield>
    <subfield code="4">0</subfield>
    <subfield code="7">0</subfield>
    <subfield code="8">KHMERNF</subfield>
    <subfield code="a">002</subfield>
    <subfield code="b">002</subfield>
    <subfield code="c">SKB</subfield>
    <subfield code="d">2025-04-01</subfield>
    <subfield code="l">0</subfield>
    <subfield code="o">LAB 791.43028 PZ7 </subfield>
    <subfield code="p">FIS05130</subfield>
    <subfield code="r">2025-04-01 10:41:39</subfield>
    <subfield code="t">9</subfield>
    <subfield code="w">2025-04-01</subfield>
    <subfield code="y">KHB</subfield>
  </datafield>
  <datafield tag="952" ind1=" " ind2=" ">
    <subfield code="0">0</subfield>
    <subfield code="1">0</subfield>
    <subfield code="2">ddc</subfield>
    <subfield code="4">0</subfield>
    <subfield code="7">0</subfield>
    <subfield code="8">KHMERNF</subfield>
    <subfield code="a">002</subfield>
    <subfield code="b">002</subfield>
    <subfield code="c">TTP Khmer</subfield>
    <subfield code="d">2025-04-01</subfield>
    <subfield code="l">0</subfield>
    <subfield code="o">LAB 791.43028 PZ7 </subfield>
    <subfield code="p">FISSE02308</subfield>
    <subfield code="r">2025-04-01 10:42:40</subfield>
    <subfield code="t">10</subfield>
    <subfield code="w">2025-04-01</subfield>
    <subfield code="y">KHB</subfield>
  </datafield>
  <datafield tag="952" ind1=" " ind2=" ">
    <subfield code="0">0</subfield>
    <subfield code="1">0</subfield>
    <subfield code="2">ddc</subfield>
    <subfield code="4">0</subfield>
    <subfield code="7">0</subfield>
    <subfield code="8">KHMERNF</subfield>
    <subfield code="a">002</subfield>
    <subfield code="b">002</subfield>
    <subfield code="c">SKB</subfield>
    <subfield code="d">2025-04-01</subfield>
    <subfield code="l">1</subfield>
    <subfield code="o">LAB 791.43028 PZ7 </subfield>
    <subfield code="p">FIS03730</subfield>
    <subfield code="r">2026-02-02 10:10:08</subfield>
    <subfield code="s">2026-01-05</subfield>
    <subfield code="t">11</subfield>
    <subfield code="w">2025-04-01</subfield>
    <subfield code="y">KHB</subfield>
  </datafield>
  <datafield tag="952" ind1=" " ind2=" ">
    <subfield code="0">0</subfield>
    <subfield code="1">0</subfield>
    <subfield code="2">ddc</subfield>
    <subfield code="4">0</subfield>
    <subfield code="7">0</subfield>
    <subfield code="8">KHMERNF</subfield>
    <subfield code="a">002</subfield>
    <subfield code="b">002</subfield>
    <subfield code="c">TTP Khmer</subfield>
    <subfield code="d">2025-04-01</subfield>
    <subfield code="l">0</subfield>
    <subfield code="o">LAB 791.43028 PZ7 </subfield>
    <subfield code="p">FIS03174</subfield>
    <subfield code="r">2025-04-01 10:43:38</subfield>
    <subfield code="t">12</subfield>
    <subfield code="w">2025-04-01</subfield>
    <subfield code="y">KHB</subfield>
  </datafield>
  <datafield tag="952" ind1=" " ind2=" ">
    <subfield code="0">0</subfield>
    <subfield code="1">0</subfield>
    <subfield code="2">ddc</subfield>
    <subfield code="4">0</subfield>
    <subfield code="7">0</subfield>
    <subfield code="8">KHMERNF</subfield>
    <subfield code="a">002</subfield>
    <subfield code="b">002</subfield>
    <subfield code="c">TTP Khmer</subfield>
    <subfield code="d">2025-08-13</subfield>
    <subfield code="l">0</subfield>
    <subfield code="o">LAB 791.43028 PZ7 </subfield>
    <subfield code="p">2025-4086</subfield>
    <subfield code="r">2025-08-13 11:29:46</subfield>
    <subfield code="t">13</subfield>
    <subfield code="w">2025-08-13</subfield>
    <subfield code="y">KHB</subfield>
  </datafield>
  <datafield tag="952" ind1=" " ind2=" ">
    <subfield code="0">0</subfield>
    <subfield code="1">0</subfield>
    <subfield code="2">ddc</subfield>
    <subfield code="4">0</subfield>
    <subfield code="7">0</subfield>
    <subfield code="8">KHMERNF</subfield>
    <subfield code="a">002</subfield>
    <subfield code="b">002</subfield>
    <subfield code="c">TTP Khmer</subfield>
    <subfield code="d">2026-04-09</subfield>
    <subfield code="l">0</subfield>
    <subfield code="o">LAB 791.43028 PZ7 </subfield>
    <subfield code="p">2026-0485</subfield>
    <subfield code="r">2026-04-09 11:36:38</subfield>
    <subfield code="t">14</subfield>
    <subfield code="w">2026-04-09</subfield>
    <subfield code="y">KHB</subfield>
  </datafield>
</record>
